Match the Song to the Album (2010s) - Statistics

General Stats
  • This quiz has been taken 84 times
  • The average score is 14 of 27
Answer Stats
Hint Answer % Correct
"Blank Space" 1989
86%
"Hello" 25
86%
"Rolling in the Deep" 21
80%
"Last Friday Night (T.G.I.F.)" Teenage Dream
80%
"Take Me to Church" Hozier
77%
"Shape of You" ÷
74%
"bad guy" When We All Fall Asleep, Where Do We Go?
68%
"We Are Never Ever Getting Back Together" Red
65%
"Do I Wanna Know?" AM
63%
"Thinking Out Loud" x
58%
"Stressed Out" Blurryface
57%
"The Edge of Glory" Born This Way
55%
"Swimming Pools (Drank)" good kid, m.A.A.d city
55%
"Formation" Lemonade
54%
"Royals" Pure Heroine
54%
"Get Lucky" Random Access Memories
54%
"Thinkin Bout You" channel ORANGE
43%
"Paradise" Mylo Xyloto
42%
"Alright" To Pimp a Butterfly
42%
"Let It Happen" Currents
38%
"Can't Feel My Face" Beauty Behind the Madness
35%
"Radioactive" Night Visions
31%
"Lazarus" Blackstar
28%
"Ready to Start" The Suburbs
26%
"Somebody That I Used to Know" Making Mirrors
25%
"Dance Yrself Clean" This Is Happening
18%
"Holocene" Bon Iver
17%
No matching quizzes found
Score Distribution
Percent of People with Each Score
Percentile by Number Answered
Your Score History
You have not taken this quiz